| 000 | 00617nam a22001937a 4500 | ||
|---|---|---|---|
| 003 | OSt | ||
| 005 | 20251030061014.0 | ||
| 008 | 251030b |||||||| |||| 00| 0 eng d | ||
| 020 | _a0-07-845948-6. | ||
| 040 |
_aDWCL-Main lib _cOC |
||
| 082 |
_2Georgia ed. _aCirc. 808.8 G558 2003 |
||
| 110 | _aGlencoe/Mcgraw-hill | ||
| 245 |
_aThe Glencoe reader : _bcourse 2 |
||
| 260 |
_aN.Y. : _bGlencoe/McGraw-Hill, _cc2003. |
||
| 300 |
_axvi, 353 pages : _billustration ; _c27 cm. |
||
| 650 | _21. Literature-Collections. | ||
| 650 | _22. Literature-Study and teaching (Secondary). | ||
| 942 |
_2ddc _cBK-CIRC _eGeorgia ed. _kCirc. _n0 |
||
| 999 |
_c5338 _d5338 |
||